书目信息 |
| 题名: |
社会主义市场经济条件下思想政治工作概论
|
|
| 作者: | 张蔚萍 , 张列军 编著 | |
| 分册: | ||
| 出版信息: | 北京 红旗出版社 1993.12 |
|
| 页数: | 466页 | |
| 开本: | 20cm | |
| 丛书名: | ||
| 单 册: | ||
| 中图分类: | D64 | |
| 科图分类: | 38.13 | |
| 主题词: | 政治工作--概论--中国--现代 | |
| 电子资源: | ||
| ISBN: | 7-80068-708-2 | |
| 000 | 01190nam0 2200277 45 | |
| 001 | 0194032775 | |
| 005 | 20070711180250.59 | |
| 010 | @a7-80068-708-2@dCNY9.80 | |
| 100 | @a19940724e19941993em y0chiy0121 ea | |
| 101 | 0 | @achi |
| 102 | @aCN@b110000 | |
| 105 | @ay z 000yy | |
| 200 | 10 | @a社会主义市场经济条件下思想政治工作概论@ASHE HUI ZHU YI SHI CHANG JING JI TIAO JIAN XIA SI XIANG ZHENG ZHI GONG ZUO GAI LUN@f张蔚萍,张列军编著@FZHANGWEI PING , ZHANG LIE JUN BIAN ZHU |
| 210 | @a北京@c红旗出版社@d1993.12@h1994.4重印 | |
| 215 | @a466页@d20cm | |
| 314 | @a张蔚萍,中央党校毛泽东思想研究室主任,教授 | |
| 314 | @a张列军,中央党校毛泽东思想研究室副教授 | |
| 330 | @a本书分:社会主义市场经济条件下思想政治工作面临的新课题、社会主义市场条件下必须始终坚持“两手抓”的战略方针、社会主义市场经济条件下党对思想政治工作的领导和管理等10章。 | |
| 540 | 1 | @a社会主义 市场 经济 思想 政治 工作@ASHE HUI ZHU YI SHI CHANG JING JI SI XIANG ZHENG ZHI GONG ZUO |
| 606 | @a政治工作@x概论@y中国@z现代 | |
| 690 | @aD64@v三版 | |
| 692 | @a38.13 | |
| 701 | 0 | @a张蔚萍@AZHANG WEI PING@4编著 |
| 701 | 0 | @a张列军@AZHANG LIE JUN@4编著 |
| 801 | 0 | @aCN@bTSSF@c20070711 |
| 905 | @a10447@dD64@e118 | |
| 社会主义市场经济条件下思想政治工作概论/张蔚萍,张列军编著.-北京:红旗出版社,1993.12(1994.4重印) |
| 466页;20cm |
| ISBN 7-80068-708-2:CNY9.80 |
| 本书分:社会主义市场经济条件下思想政治工作面临的新课题、社会主义市场条件下必须始终坚持“两手抓”的战略方针、社会主义市场经济条件下党对思想政治工作的领导和管理等10章。 |
| ● |
| 相关链接 |
|
|
|
|
正题名:社会主义市场经济条件下思想政治工作概论
索取号:D64/118
 
预约/预借
| 序号 | 登录号 | 条形码 | 馆藏地/架位号 | 状态 | 备注 |
| 1 | 0765587 | 207655875 | 第一样本阅览室/ [索取号:D64/118] | 在馆 | |
| 2 | 0770052 | 207700521 | 密集书库/ [索取号:D64/118] | 在馆 |